Word Ladder: Abode on the Range Quiz Stats

 Plays Quiz Updated Feb 20, 2015

Challenge
Share
Tweet
Embed
Score 0/25 Timer 03:00
0 Plays Today
Clue 4-Letter Word % Correct
'...where the buffalo ____'ROAM
95.3%
Zero, in tennisLOVE
94.8%
Section of a houseROOM
94.7%
Corner chess pieceROOK
94.5%
Far from richPOOR
93.8%
Femur or ulna, e.g.BONE
93.3%
500 sheets of paperREAM
92.5%
A document of ownershipDEED
91.6%
Fill up a pint glassPOUR
91%
Hit on the headBONK
90.1%
Perusable itemBOOK
89.9%
Oboist's needREED
88.9%
PeruseREAD
88.4%
Clue 4-Letter Word % Correct
On airLIVE
88.4%
'Where the ___...'DEER
86.2%
One who acts on thingsDOER
83.9%
Sharpen a knifeHONE
83.5%
A deck on a shipPOOP
82.4%
Gloomy or sullenDOUR
82.3%
Sound made by Alka SeltzerPLOP
79.6%
'... and the antelope ___.'PLAY
79.2%
'.... a ___'HOME
77.6%
The capital of TogoLOMÉ
77.4%
A stratagemPLOY
73.4%
'Oh ___ me...'GIVE
71.8%

Today's Daily Dose

You're not logged in!

Compare scores with friends on all Sporcle quizzes.
Join for Free
OR
Log In

You Might Also Like...

Show Comments

Extras

Top Quizzes Today


Score Distribution

Your Account Isn't Verified!

In order to create a playlist on Sporcle, you need to verify the email address you used during registration. Go to your Sporcle Settings to finish the process.

Report this User

Report this user for behavior that violates our Community Guidelines.

Details: